A-Z Famous People - Louisiana - Statistics

General Stats
  • This quiz has been taken 87 times
  • The average score is 8 of 26
Answer Stats
Picture Hint Answer % Correct
D - Comedian & Television Host Ellen DeGeneres
94%
A - Trumpeter & Vocalist Louis Armstrong
91%
K - Disc Jockey & Record Producer DJ Khaled
68%
W - Rapper Lil Wayne
67%
M - Football Player Peyton Manning
65%
J - Record Executive & Television Presenter Randy Jackson
48%
B - Football Player Terry Bradshaw
47%
R - Basketball Player Bill Russell
43%
F - Football Player Marshall Faulk
29%
H - Basketball Player Elvin Hayes
28%
N - Singer-Songwriter Randy Newman
28%
C - Novelist & Actor Truman Capote
23%
L - Actor Zachary Levi
23%
Q - Basketball Player & Coach Chris Quinn
20%
Y - Producer & Musician Faron Young
18%
O - Baseball Player Mel Ott
18%
T - Football Player Jim Taylor
15%
P - Actress & Singer Pauley Perrette
15%
Z - Accordionist & Musician Buckwheat Zydeco
13%
E - Politician Edwin Edwards
10%
S - Musician & Singer Amanda Shaw
5%
U - Politician Chris Ullo
4%
V - Politician David Vitter
4%
X - Inventor (Ending in 'X') Norbert Rillieux
4%
G - Sociologist Robert Groves
4%
I - Author & Journalist Walter Isaacson
4%
No matching quizzes found
Score Distribution
Percent of People with Each Score
Percentile by Number Answered
Your Score History
You have not taken this quiz